000 00427nam a22001697a 4500
003 NUST - PNEC
005 20170116181132.0
008 151006b xxu||||| |||| 00| 0 eng d
020 _a-
040 _cLIBRARY
082 _a968.06 MAN
100 _914060
_aMandela,Nelson
245 _aLong walk to freedom
_cNelson Mandela
260 _cc.1995
650 _914064
_aLong walk to freedom
_xAutobiography
942 _2ddc
_cBK
999 _c70051
_d70051